Breaking Bad trivia - Statistics

General Stats
  • This quiz has been taken 50 times
  • The average score is 10 of 15
Answer Stats
Hint Answer % Correct
Main character Walter White
98%
Who is the main character in El Camino Jesse Pinkman
93%
Charecter above daughter name Holly
88%
Better call ... Saul
84%
Who died from heroin overdose Jane
81%
Gustavo Fring was owner of restaurant called Los Pollos Hermanos
79%
For who did Hank work DEA
77%
Character above skinny friend Skinny Pete
77%
Who killed Victor with box cutter Gustavo Fring
74%
Character above bodyguard Huell Babineaux
63%
What did Skyler want to buy from Bogdan Wolynetz Carwash
60%
Who was the actor of character above Bryan Cranston
49%
"Jesus Christ Marie they´re ..." Minerals
47%
Who replaced Victor Tyrus
33%
Character above had stage ... cancer 3A
21%
No matching quizzes found
Score Distribution
Percent of People with Each Score
Percentile by Number Answered
Your Score History
You have not taken this quiz